IFM Opac

The rise of big business. (Record no. 13442)

MARC details
000 -LEADER
fixed length control field 00363nam a22001457a 4500
020 ## - INTERNATIONAL STANDARD BOOK NUMBER
International Standard Book Number 0297773275
082 ## - DEWEY DECIMAL CLASSIFICATION NUMBER
Classification number 338.709034PAR.
100 ## - MAIN ENTRY--PERSONAL NAME
Personal name Parkinson, C. Northcote.
245 ## - TITLE STATEMENT
Title The rise of big business.
260 ## - PUBLICATION, DISTRIBUTION, ETC.
Place of publication, distribution, etc. London.
Name of publisher, distributor, etc. Weidenfeld and Nicolson.
Date of publication, distribution, etc. 1977.
300 ## - PHYSICAL DESCRIPTION
Extent xi, 276p.
Other physical details 23cm.
500 ## - GENERAL NOTE
General note Includes index.
650 ## - SUBJECT ADDED ENTRY--TOPICAL TERM
Topical term or geographic name entry element Business.
942 ## - ADDED ENTRY ELEMENTS (KOHA)
Koha item type Books
Holdings
Withdrawn status Lost status Source of classification or shelving scheme Damaged status Not for loan Home library Current library Shelving location Date acquired Full call number Barcode Date last seen Price effective from Koha item type
    Dewey Decimal Classification     IFM Main Campus Library IFM Main Campus Library   11/04/2015 338.709034PAR. 0000006159 11/04/2015 11/04/2015 Books